01169nab a22002057a 4500003000400000005001700004008004100021040000700062100002600069245011700095260007300212300001500285500003700300505026100337505010600598505008200704650001800786650000900804773015000813OSt20251222113507.0190429b xxu||||| |||| 00| 0 spa d cPJ aMartín, Adrián N.10a¿Cuándo se determina la pena? Un aporte más para horadar el principio de legalidad /cAdrián N. Martín. cCiudad Autónoma de Buenos Aires :aThomson Reuters La Ley, b2025. ap. 103-107 aCita: TR LALEY AR/DOC/1172/2025. aSumario: I. Introducción.— II. El plenario.— III. La posición de la mayoría.— IV. Algunas consideraciones críticas sobre la posición mayoritaria.— V. La claridad conceptual de la disidencia.— VI. La posición futura frente al plenario. aFallo comentado: CNCasación Penal, en pleno ~ 13/05/2025 ~ P., J. L. V. s/ inaplicabilidad de ley. tSi te interesa el texto completo, solicitalo a koha@justierradelfuego.gov.ar  0aDERECHO PENAL 0aPENA0 02658tRevista de derecho penal y criminología. Nº 7 - Agosto 2025dCiudad Autónoma de Buenos Aires : Thomson Reuters La Ley, 2017-x00347914